[Event "FRA-ch 88th"]
[Site "Nancy"]
[Date "2013.08.19"]
[Round "8"]
[White "Vaisser, Anatoli"]
[Black "Edouard, Romain"]
[Result "1/2-1/2"]
[WhiteElo "2544"]
[BlackElo "2662"]
[Annotator "Edouard,R"]
[PlyCount "75"]
[EventDate "2013.08.11"]
[EventType "tourn"]
[EventRounds "11"]
[EventCountry "FRA"]
[EventCategory "14"]
[SourceTitle "CBM 156"]
[Source "ChessBase"]
[SourceDate "2013.09.17"]
[SourceVersion "1"]
[SourceVersionDate "2013.09.17"]
[SourceQuality "1"]

1. d4 Nf6 2. c4 g6 3. Nc3 Bg7 4. e4 d6 5. f4 O-O 6. Nf3 c5 7. d5 e6 8. Be2 exd5
9. cxd5 Re8 {A very forcing line which, I believe, should be good for Black.}
10. e5 dxe5 11. fxe5 Ng4 12. e6 (12. Bg5 {was the old move but after} Qb6 13.
O-O Nxe5 14. Nxe5 Bxe5 15. Bc4 {(old theory) new engines showed that for
example} Bf5 {is very good for Black.}) 12... fxe6 13. d6 {This move had
already been played by Vaisser but it seemed to me like many things were good
for Black there. So I only looked a bit at things after 13.Bg5 before the game:
a bad decision since my opponent was brave enough to repeat 13.d6.} (13. Bg5
Qb6 14. Qd2 {and now for example:} c4 15. O-O-O exd5 16. Nxd5 Qxb2+ 17. Qxb2
Bxb2+ 18. Kxb2 Rxe2+ 19. Kc3 Nc6 20. Rhe1 Rxe1 21. Rxe1 Bf5 (21... h6 $5) 22.
h3 Nf2 23. Bh6 Nd3 $6 (23... Ne4+ $5 24. Rxe4 Bxe4 25. Nf6+ Kf7 26. Nxe4 Ke6 {
should be OK for Black.}) 24. Ng5 $1 {1-0 (31) Jobava,B (2704)-Ponkratov,P 
(2611) Moscow RUS 2012}) 13... Nc6 (13... Bd7 {or even moves like 13...Rf8
should be alright for Black: White has sufficient compensation but definitely
not more.}) 14. Ng5 $6 (14. O-O {has to be played, but here again Black have
many moves that should be OK, like} Rf8 {or 14...Nge5.}) 14... Nge5 $1 (14...
Nh6 {or}) (14... Nf6 {also makes sense.}) 15. O-O Nd4 16. Nge4 h6 $6 {For some
reason I suddenly decided not to play the simple 15...Nf7, which was obviously
better for Black.} (16... Nf7 17. Nb5 (17. Rxf7 $6 Kxf7 18. Bg5 Qd7 $17) 17...
Rf8 (17... b6 18. Nc7 Rf8 19. Nxa8 Bb7 $15) (17... Bd7 18. Nc7 Nxd6 19. Nxe8
Bxe8 20. Bg5 Qb6 21. Nf6+ Kh8 22. Nxe8 Rxe8 $15) 18. Be3 $8 Nf5 (18... Qb6 19.
Bxd4 cxd4 20. Bc4 {is not that clear.}) (18... Nxe2+ 19. Qxe2 b6 20. Rad1 Bb7
21. Rf4 {is not that clear either.}) 19. Bxc5 Bxb2 {Black should simply be
better, objectively.}) 17. Nb5 Nxb5 $2 {Reversing the moves in a strange and
nonsensical way. Fortunately for me Black is stll not worse.} (17... Rf8 {
was still better for Black:} 18. Rxf8+ Qxf8 19. Be3 (19. Nc7 Rb8 20. Be3 Nf7
21. Nb5 {is probably the best try for White.}) {and now I do not have to take
on b5 but can simply go} 19... Bd7 $17) 18. Bxb5 Rf8 (18... Bd7 $2 19. Bxd7
Nxd7 (19... Qxd7 $2 20. Bxh6 $18) 20. Qg4 $16) 19. Rxf8+ Qxf8 20. Be3 $1 {
Suddenly it appears very stupid to have taken on b5 earlier.} (20. d7 $2 Bxd7
21. Bxd7 Nxd7 $17) (20. Nxc5 $6 b6 $17 {followed by ...Bb7 and ...Rd8.}) 20...
Bd7 $1 (20... b6 21. Qe2 {starts to be annoying for Black.}) 21. Bxd7 Nxd7 22.
Qa4 (22. Nxc5 Nxc5 23. Bxc5 Bxb2 24. Rb1 Qf5 $1 {is very drawish.}) (22. Qb3 $6
Qf5 $1 23. Qxb7 Rb8 $17) 22... Qf5 23. Qxd7 (23. Ng3 Qd3 24. Qxd7 Qxe3+ 25. Kh1
{is also drawish.}) 23... Qxe4 24. Bxc5 Rf8 (24... b6 $6 {which I initially
considered to be a win, does not work:} 25. Bf2 Rf8 $6 26. Re1 $1 Qxe1+ 27.
Bxe1 Bd4+ 28. Bf2 Rxf2 29. Qxe6+ $8 Kg7 30. Qc4 $16 {Oops!}) 25. Bxa7 Bxb2 26.
Rd1 Qg4 (26... Qe2 $5 27. Qa4 Bc3 {[%cal Gc3e1] was my other idea but after
the obvious} 28. h3 Be1 29. Kh1 Rf1+ 30. Bg1 Qe3 31. Qe8+ {the position is a
draw: while I was afraid I could even forget something in such a strange
position.}) 27. Re1 Bd4+ 28. Bxd4 Qxd4+ 29. Kh1 Qe4 {Now the position is a
dead draw.} 30. Rg1 Qd5 31. h3 Rf7 32. Qd8+ Kg7 33. Rc1 Qd2 34. Rc7 Qe1+ 35.
Kh2 Qe5+ 36. Kh1 Qa1+ 37. Kh2 Qe5+ 38. Kh1 1/2-1/2

[Event "ISR-chT"]
[Site "Israel"]
[Date "2002.01.19"]
[Round "2"]
[White "Gershon, Alik"]
[Black "Manor, Ilan"]
[Result "1-0"]
[WhiteElo "2558"]
[BlackElo "2517"]
[Annotator "Gershon,A"]
[PlyCount "69"]
[EventDate "2002.01.10"]
[EventType "team"]
[EventRounds "11"]
[EventCountry "ISR"]
[SourceTitle "CBM 087"]
[Source "ChessBase"]
[SourceDate "2002.03.21"]
[SourceVersion "1"]
[SourceVersionDate "2002.03.21"]
[SourceQuality "1"]

1. d4 Nf6 2. c4 c5 3. d5 e6 4. Nc3 exd5 5. cxd5 d6 6. Nf3 g6 7. Nd2 Bg7 8. e4
O-O 9. Be2 Re8 10. O-O a6 11. a4 Nbd7 12. f4 Qc7 (12... Rb8) 13. Kh1 Rb8 (13...
c4 14. e5 dxe5 15. Nxc4 e4 16. f5 gxf5 17. Bf4 Qd8 18. Nd6 Ne5 19. Nxe8 Nxe8
20. a5 b5 21. axb6 Qxb6 22. Na4 $16 {1-0 Baburin,A-Vossenkuhl,J/Bad Wiessee
1999/EXT 2001 (30)}) 14. Qc2 c4 $2 ({A better choice is:} 14... h5 15. h3 (15.
Qd3 $5 Qd8 16. Nc4 Nb6 17. Nxb6 Qxb6 18. f5 Bd7 19. fxg6 fxg6 20. e5 $16 {
1-0 Dang Bich Ngoc-Wang Yu/Oropesa del Mar 2000/EXT 2001 (28). (27)}) 15... b6
16. Nf3 c4 17. e5 dxe5 18. fxe5 Nxe5 19. Nxe5 Rxe5 20. Bf4 Bf5 21. Qd2 $16 {
1-0 Naumkin,I-Niermann,R/Cesenatico 1999/EXT 2000 (25)}) 15. e5 dxe5 16. Nxc4
b5 (16... e4 17. f5 $1 $16 {/\ Bf4}) 17. axb5 axb5 18. d6 $146 {Forcing black
Q to an unfortunate place.} (18. fxe5 $6 Nxe5 19. d6 Qd7 20. Nxe5 Rxe5 21. Bf4
Rf5 22. Bg3 $14 {1/2-1/2 Tukmakov,V-Arnason,J/Bor 1983/MCD (40)}) 18... Qc6 (
18... Qc5 19. Be3 Qc6 20. Na5 Qxd6 21. Nxb5 Qf8 22. Nc7 $18) (18... Qd8 19. Na5
$1 $16 {/\ Nc6}) 19. Nxe5 Nxe5 20. fxe5 Rxe5 21. Bf4 Bf5 22. Qd1 Rc5 (22...
Ree8 {would have been objectively better, but psychologically a difficult
decision, admitting the defeat.} 23. d7 Qxd7 (23... Nxd7 24. Bxb8 Rxb8 25. Bf3
$16) 24. Bxb8 $16 Rxb8 25. Qxd7 Bxd7 26. b4 $18) 23. Bf3 Qd7 ({A very nice
variation would have occured on:} 23... Ne4 24. Nxe4 (24. Re1 $143 Nxc3 25.
bxc3 Qd7 {[%csl Rc3]}) 24... Bxe4 25. Bxe4 Qxe4 26. d7 Rd8 27. Re1 Qc6 $8 28.
Ra6 $1 Qxd7 (28... Rxd7 29. Rxc6 Rxd1 30. Rxd1 Rxc6 31. Rd8+ Bf8 32. Bh6 $18 {
/^ c1-h6. Bh6}) (28... Qxa6 29. Re8+ Bf8 30. Rxd8 $18) (28... Qd5 29. Re8+ Bf8
30. Rd6 $1 Qa8 (30... Qxd1+ 31. Rxd1 Rcc8 $8 32. Rxd8 Rxd8 33. Bg5 $18) 31.
Rxd8 Qxd8 32. Rb6 $1 $18) 29. Qxd7 Rxd7 30. Ra8+ Bf8 31. Bh6 $18) 24. Be3 $1 {
[%cal Ga1a7]} Rc4 (24... Rcc8 25. Ra7 Qd8 26. Nd5 Nxd5 27. Bxd5 $18) 25. Ra7
Qd8 26. Nd5 Be6 27. Ne7+ Kh8 28. b3 {Winnig an important tempo} (28. Nc6 Rxc6
29. Bxc6 Ng4 30. Bd4 Qh4 31. Bxg7+ Kxg7 32. Qd4+ Kg8 33. h3 $18) 28... Rc3 (
28... Rh4 29. Nc6 $18) 29. Bd4 b4 30. Nc6 Rxc6 31. Bxc6 {/\ Qa1. /^ a1-h8.}
Qxd6 32. Bxf6 Qxc6 (32... Qxd1 33. Bxg7+ Kxg7 34. Rxd1 $18) 33. Qd4 Bxf6 (33...
Rg8 34. Bxg7+ Rxg7 35. Qd8+ Rg8 36. Qf6+ Rg7 37. Rxf7 $1 $18) 34. Qxf6+ Kg8 35.
Rxf7 1-0

[Event "RUS-ch 56th"]
[Site "Krasnoyarsk"]
[Date "2003.09.04"]
[Round "2"]
[White "Belozerov, Andrei"]
[Black "Inarkiev, Ernesto"]
[Result "1/2-1/2"]
[WhiteElo "2541"]
[BlackElo "2582"]
[Annotator "Kortschnoj,V"]
[PlyCount "114"]
[EventDate "2003.09.03"]
[EventType "swiss"]
[EventRounds "9"]
[EventCountry "RUS"]
[SourceTitle "CBM 098"]
[Source "ChessBase"]
[SourceDate "2004.02.03"]
[SourceVersion "1"]
[SourceVersionDate "2004.02.03"]
[SourceQuality "1"]

1. d4 Nf6 2. c4 g6 3. Nc3 Bg7 4. e4 d6 5. f4 O-O 6. Nf3 c5 7. d5 e6 8. Be2 exd5
9. cxd5 Re8 {The theory considers 9...Bg4 to be the most solid. But the text
move also should not lose.} 10. e5 dxe5 11. fxe5 Ng4 12. Bg5 Qb6 13. O-O Nd7
14. d6 Qxb2 $2 {According to the theory} (14... c4+ 15. Kh1 Nf2+ 16. Rxf2 Qxf2
17. Ne4 Qb6 18. Be7 {lead to a position with about equal chances.}) 15. Na4 $1
{The theory gives preference to 15.Nb5, but this move is strong as well.} Qa3 (
15... Qb4 {is worse - after} 16. Rb1 Qa5 17. Rb5 {black is in trouble.}) 16.
Bb5 h6 {This move looks as made out of utmost despair. 17...Nge5 was more
reasonable.} 17. Be7 c4 (17... Qe3+ 18. Kh1 Nf2+ 19. Rxf2 Qxf2 20. Qb3 {
with strong attack or}) (17... Ne3 18. Qc1 Qxc1 19. Rfxc1 b6 20. Bc6 Rb8 21.
Nc3 {with full compensation for material loss.}) 18. Qc1 Qe3+ 19. Kh1 $1 Nf2+
20. Rxf2 Qxf2 21. Qxc4 {White threatens to win the game by Qf7!} Nxe5 $1 {
The only move.} 22. Nxe5 Be6 $1 {Not 22...Be5 23.Rf1} 23. Qe4 Bf5 {One might
consider this move as a draw offer: 24.Qd5 Be6 and so on.} 24. Qe1 {The
warrior, playing white, is on the military path...} Qd4 25. Nxf7 $1 (25. Rd1 {
would not work out properly:} Qxe5 26. Qxe5 Bxe5 27. Bxe8 Rxe8 28. d7 Bxd7 29.
Rxd7 b5 30. Nc5 Bf6 $1 {with advantage to black.}) 25... Qxa1 ({What would had
happened after} 25... Kxf7 {? Well,} 26. Rd1 Qe5 $2 27. Bc4+ Be6 28. Qxe5 Bxe5
29. Rf1+ {and white wins.}) ({After} 25... Kxf7 26. Rd1 Qf4 $1 {things are
less clear:} 27. Bxe8+ Rxe8 28. d7 (28. Nc5 $5) 28... Bxd7 29. Rxd7 Qxa4 30.
Rxb7 Kg8 {with equal play.}) 26. Nxh6+ Kh7 27. Qxa1 Bxa1 28. Nxf5 gxf5 29. Bxe8
Rxe8 30. g3 $4 {After an obvious 30.g4 white was winning.} Bd4 31. d7 Ra8 32.
d8=Q Rxd8 33. Bxd8 b5 {With his pawn on g4 this move would be met by gxf5. Or
33...fxg4 33.Ba5+-} 34. Kg2 Kg6 {Now the endgame is drawn.} 35. Kf3 bxa4 36.
Kf4 Bc3 37. Be7 Bg7 38. Bc5 a6 39. Bd6 Bc3 40. Bc7 Kf6 41. Bd8+ Ke6 42. Kg5
Bd2+ 43. Kg6 f4 44. gxf4 Bxf4 45. h4 Bg3 46. h5 Bf4 47. Kg7 Be3 48. Kf8 Bh6+
49. Ke8 a3 50. Be7 Bc1 51. Bd8 Bh6 52. Bh4 Be3 53. Be7 Bc1 54. Bf8 Kf6 55. Kd7
Kf7 56. Bb4 Kg7 57. Kc6 Kh6 1/2-1/2

[Event "North Urals Cup (Women) 4th"]
[Site "Krasnoturinsk"]
[Date "2006.07.24"]
[Round "2"]
[White "Cmilyte, Viktorija"]
[Black "Lagno, Kateryna"]
[Result "0-1"]
[WhiteElo "2476"]
[BlackElo "2449"]
[Annotator "Lagno,K"]
[PlyCount "76"]
[EventDate "2006.07.23"]
[EventType "tourn"]
[EventRounds "9"]
[EventCountry "RUS"]
[EventCategory "10"]
[SourceTitle "CBM 114"]
[Source "ChessBase"]
[SourceDate "2006.10.02"]
[SourceVersion "1"]
[SourceVersionDate "2006.10.02"]
[SourceQuality "1"]

1. d4 Nf6 2. c4 e6 3. Nf3 c5 4. d5 exd5 5. cxd5 d6 6. Nc3 g6 {As in the first
round, I chose a system which never happened in my practice before. However,
basic ideas of the Modern Benoni are rather similar to the Pirc and King's
Indian, which I played more than once.  Genau wie in der ersten Runde wählte
ich ein System, das noch nie in meiner Praxis vorkam. Doch die Grundideen des
Modernen Benoni ähneln sehr denen von Pirc und Königsindisch, was ich mehr als
einmal gespielt habe.} 7. e4 Bg7 8. Be2 O-O 9. O-O Re8 10. Nd2 Na6 {White
faces a dilemma - to advance her f-pawn to one or two squares. The restrained
Gligoric system 11. f3 is more flexible - White fortifies her center, reducing
Black's counterchances. Victoria prefers a more aggressive approach. Weiß
steht vor einem Dilemma - soll der f-Bauer ein Feld vor oder zwei? Das
zurückhaltende Gligoric-System 11. f3 ist flexibler - Weiß festigt das Zentrum
und reduziert die schwarzen Gegenchancen. Victoria bevorzugt eine aggressivere
Vorgehensweise.} 11. f4 {From now on White should plan her actions, keeping in
mind the push e4-e5. Von nun an sollte die Weiße bei der Planung ihrer
Aktionen immer den Vorstoß e4-e5 auf der Rechnung haben.} Rb8 {Black's plan is
also clear - to prepare the advance ...b7-b5. An immediate Na6-c7 is less
precise as the knight may sometimes get to the much more active position on b4.
Der schwarze Plan ist ebenfalls klar - Vorberitung des Vorstoßes ...b7-b5. Das
sofortige Na6-c7 ist weniger genau, da der Springer manchmal die viel aktivere
Position auf b4 beziehen kann.} 12. a4 $6 {Promoting Black's plans. 12.Re1 was
more precise, still waiting for ...Na6-c7. Fördert de schwarzen Pläne. 12.Re1
war genauer, um ...Na6-c7 noch abzuwarten.} Nb4 13. Ra3 $6 {It's not easy to
understand the idea behind this move. Perhaps White thought the rook might
cover the d3-square in the future, but actually it looks like a waste of time.
Die Idee hinter diesem Zug ist nicht leicht zu verstehen. Vielleicht dachte
die Anziehende, der Turm könnte in Zukunft das Feld d3 decken, tatsächlich
aber wirkt der Zug wie Zeitverschwendung.} b6 {The immediate 13. ..a6 could be
met with 14. a5. Auf das sofortige 13. ..a6 könnte 14. a5 folgen.} 14. Bf3 a6
$2 {Typical but rather slow - Black should have not allowed White's knight to
go to a5. Typisch, aber recht langsam - Schwarz hätte den weißen Springer
nicht nach a5 lassen sollen.} ({The simple development Die einfache Entwicklung
} 14... Ba6 15. Nb5 Qd7 {with better chances should have been preferred. mit
besseren Chancen war vorzuziehen.}) 15. Nc4 b5 16. axb5 axb5 17. Na5 {Suddenly
White's pieces became rather active - the typical e4-e5 is already on the
agenda. Yet, Black is still fine, keeping a lot of counter resources.
Plötzlich sind die weißen Figuren recht aktiv geworden - das typische e4-e5
steht bereits auf der Tagesordnung. Trotzdem ist die schwarze Stellung dank
der vielen Gegenressourcen noch immer in Ordnung.} Rb6 $1 (17... Ra8 $2 {
failed to scheiterte an} 18. Nc6 $1) ({At first I was thinking about Zuerst
dache ich auch an} 17... Qc7 {but the position after , doch die Stellung nach}
18. e5 dxe5 19. d6 Qb6 20. fxe5 Rxe5 21. Bf4 {looked rather unclear. Besides,
the move 17...Qc7 does not create any threats while Black must be careful
about e4-e5 followed by d5-d6. Thus I found the rook's advance, which not only
parries White's idea but also creates the threat ...Ra6. sah ziemlich unklar
aus. Außerdem stellt der Zug 17...Qc7 keinerlei Drohungen auf, während sich
Schwarz vor e4-e5 nebst d5-d6 hüten muss. Somit fand ich den Turmzug, der
nicht nur die weiße Idee pariert, sondern auch die Drohung ...Ra6 aufstellt.})
18. Re1 $6 {Continuing preparations for e4-e5 but missing a strong counter
idea. Bereitet weiter e4-e5 vor, übersieht aber eine starke Konteridee.} ({
Bad was Schlecht war} 18. Be3 $6 {because of wegen} Ra6 19. Nb3 c4 20. Nd4 $2
Rxa3 21. bxa3 Nbxd5 $1) ({But the pawn sacrifice Aber das Bauernopfer} 18. e5
$5 {came into question: kam in Frage:} dxe5 19. fxe5 Nd7 20. e6 Bd4+ 21. Kh1
fxe6 22. Nc6 Nxc6 23. dxc6 Ne5 24. Ne4 $44 {with the idea Bg5 and good
compensation. mit der Idee Bg5 und guter Kompensation.}) 18... c4 $1 19. Na2 $1
{Despite of being too short of time, Victoria finds the best way! This
exchange sacrifice helps White to restrict 3 black pieces - Rb6, Bc8 and Qd8.
Trotz zu knapper Zeit findet Victoria die beste Möglichkeit. Dieses
Qualitätopfer hilft Weiß, drei schwarze Figuren einzuschränken - Rb6, Bc8 und
Qd8.} (19. e5 $2 {failed to scheiterte an} Nd3 $1 20. Nc6 (20. Re3 dxe5) 20...
Rxc6 21. dxc6 b4) ({while , während} 19. Be3 $2 Nd3 20. Re2 Ng4 $1 {could
hardly be satisfactory for White. Weiß kaum zufrieden stellen könnte.}) 19...
Nd3 ({After Nach} 19... Nfxd5 $6 20. exd5 Nc2 21. Rxe8+ Qxe8 22. Rc3 (22. Nc6
$5 Nxa3 23. bxa3) 22... Bd4+ 23. Kf1 Bxc3 24. Nxc3 Ne3+ 25. Bxe3 Qxe3 26. Qe2 {
White's two minor pieces would be stronger than Black's rook. wären die beiden
weißen Leichtfiguren stärker als der Turm von Schwarz.}) 20. Rxd3 cxd3 21. Nb4
Nd7 {Trying to activate pieces by ...f7-f5. Versucht, die Figuren mit ...f7-f5
zu aktivieren.} ({Yet, perhaps Black should have not moved the knight from f6,
keeping d7-square available for the bishop. Dennoch hätte Schwarz vielleicht
den Springer nicht von f6 abziehen sollen, um das Feld d7 für den Läufer
freizuhalten.} 21... Qc7 {looked fine with unclear play after sah gut aus, mit
unklarem Spiel nach} 22. Nac6 $13 ({while after the less precise nach dem
weniger genauen} 22. Nbc6 $6 Ra6 23. b4 Bd7 {White couldn't capture on d3:
dagegen könnte Weiß nicht auf d3 schlagen:} 24. Qxd3 $2 Nxd5 $1)) 22. Nbc6 Qc7
23. Qxd3 $6 {White should not be in a hurry with this capture, which helps
Black to activate some pieces. It was necessary to take the c5-square under
control as well as to stop the b-pawn advance and so the opening of the
diagonal a6-f1 for BÍack's bishop - the d3-pawn was in White's pocket anyway.
Weiß sollte sich mit diesem Schlagen nicht beeilen, welches Schwarz hilft,
einige Figuren zu aktivieren. Nötig war es, das Feld b4 unter Kontrolle zu
nehmen und so das Vorrücken des b-Bauern und damit die Öffnung der Diagonalen
a6-f1 für den schwarzen Läufer zu verhindern - den Bauern d3 hatte Weiß
sowieso in der Tasche.} ({After the correct Nach dem korrekten} 23. b4 $1 {
I was going to continue with wollte ich} Nb8 {, intending to give the exchange
back after fortsetzen mit der Absicht, die Qualität zurückzugeben nach} (23...
f5 $2 {failed to the simple scheiterte am einfachen} 24. exf5 Rxe1+ 25. Qxe1
Nf6 26. Qe7 $18) 24. Qxd3 Bd7 25. Be3 Nxc6 26. dxc6 Rxc6 27. Nxc6 Bxc6 $11 {
with a roughly equal play. mit etwa gleichem Spiel.}) 23... b4 $1 {Taking a
good opportunity! Nutzt die Gelegenheit!} 24. Qc2 $6 {Not only moving the
queen from the diagonal a6-f1 but also creating the threat of Nc6-e7+. Nimmt
nicht nur die Dame aus der Diagonalen a6-f1, sondern stellt auch die Drohung
Sc6-e7+ auf.} ({However, Dennoch schien} 24. e5 $1 {seemed stronger: stärker:}
Ba6 25. Qc2 Kh8 26. Be3 dxe5 27. Bxb6 Qxb6+ 28. Qf2 Qc7 {with mutual chances.
Yet, it's hard to criticize Vika for inaccurate play under severe time
pressure. mit beiderseitigen Chancen. Aber es fällt schwer, Vika für ungenaues
Spiel in schwerer Zeitnot zu kritisieren,}) 24... Nc5 25. Nc4 b3 26. Qd1 Ba6 $1
{Activity is more important than material! Aktivität zählt mehr als Material!}
({In case of Im Fall von} 26... Ra6 $2 27. e5 {Black would have no real
benefit from the extra exchange, while White could develop her initiative with
natural moves. The text move gives me a simple and clear play in a good
position, which is very important in time trouble. hätte Schwarz von der
Mehrqualität keinen reellen Nutzen, während die Anziehende ihre Initiative mit
natürlichen Zügen entwicklen könnte. Der Textzug verschafft mir in guter
Stellung einfaches und klares Spiel, was in Zeitnot sehr wichtig ist.}) 27.
Nxb6 Qxb6 28. e5 ({After Nach} 28. Be3 Bxb2 {it would be not so easy for White
to keep advanced Black's passer under control. wäre es für Weiß nicht leicht,
den vorgerückten schwarzen Freibauern unter Kontrolle zu halten.}) 28... Nd3+
29. Be3 Qc7 30. Bd4 (30. Re2 dxe5 {was equally bad. war ebenfalls schlecht.})
30... Nxe1 31. Qxe1 Bb7 {Eliminating the important defender of White's pawn
center. Eliminiert den wichtigen Verteidiger des weißen Bauernzentrums.} 32.
Qb4 Bxc6 33. Bb6 Qc8 34. dxc6 dxe5 35. fxe5 (35. c7 {was more tenacious, but
White's position would already be too difficult after war zäher, doch die
weiße Stellung wäre bereits zu schwierig nach} exf4) 35... Bxe5 36. Bg4 $2 {
A blunder in time trouble. Ein Einsteller in Zeitnot.} Qxc6 37. Be3 Bd6 38. Qd2
Rxe3 $1 {If this simple tactical blow didn't win the piece we could count it
as the fourth exchange sacrifice in this game. Anyway, White resigned. Wenn
dieser einfache taktische Schlag nicht eine Figur gewinnen würde, könnten wir
ihn als viertes Qualitätsopfer in dieser Partie werten. So oder so, Weiß gab
auf.} 0-1